|
|
|
|
| LEADER |
00000nam a2200000 4500 |
| 001 |
vtls012130920 |
| 003 |
SK-MaSNL |
| 005 |
20260425231243.0 |
| 008 |
220412s2021 xo a b 000 0 slo |
| 015 |
|
|
|a SNBA2022/07
|
| 020 |
|
|
|a 9788097207861
|q (brožované)
|
| 040 |
|
|
|a SNK
|b slo
|c SNK
|e rda
|
| 041 |
0 |
|
|a slo
|
| 043 |
|
|
|a e-xo---
|
| 044 |
|
|
|a xo
|c SK
|
| 072 |
|
7 |
|a 028
|x Čítanie
|2 konspekt
|
| 072 |
|
7 |
|a 82:06
|x Literárne organizácie, súťaže
|2 konspekt
|
| 080 |
|
|
|a 028.02
|2 2011
|
| 080 |
|
|
|a 316.346.32-053.2
|2 2011
|
| 080 |
|
|
|a (437.6)
|2 2011
|
| 080 |
|
|
|a (041)
|2 2011
|
| 080 |
|
|
|a 82:7.092
|2 2011
|
| 111 |
2 |
|
|a Osmijankova literárna záhrada
|n (18. :
|d 2021/2022 :
|c Slovensko)
|4 aut
|9 444075
|
| 245 |
1 |
0 |
|a Osmijankova literárna záhrada
|b 18. ročník celoslovenskej čitateľskej súťaže : školský rok 2021/2022
|c súťažný zošit pripravili: Miroslava Biznárová, Lenka Čechvalová, Ľudmila Hrdináková, Martina Jánošíková, Ľubica Kepštová, Zuzana Račková a Eliška Sadíleková ; nakreslil: Marek Menke
|
| 246 |
3 |
3 |
|a Čítajme s Osmijankom - pridaj sa aj ty!
|
| 264 |
|
1 |
|a Bratislava
|b Osmijanko, n.o.
|c 2021
|
| 300 |
|
|
|a 17 nečíslovaných strán
|b ilustrácie
|c 21 cm
|
| 336 |
|
|
|a text
|b txt
|2 rdacontent
|
| 336 |
|
|
|a statický obraz
|b sti
|2 rdacontent
|
| 337 |
|
|
|a bez média
|b n
|2 rdamedia
|
| 338 |
|
|
|a zväzok
|b nc
|2 rdacarrier
|
| 500 |
|
|
|a Názov z obálky
|
| 650 |
0 |
7 |
|a literárne súťaže
|2 SNKPH
|9 4275
|
| 650 |
0 |
7 |
|a deti
|2 SNKPH
|9 773
|
| 650 |
0 |
7 |
|a Reading
|2 SNKPHeng
|9 276976
|
| 650 |
0 |
7 |
|a Children
|2 SNKPHeng
|9 274282
|
| 650 |
0 |
7 |
|a čítanie
|2 SNKPH
|9 1654
|
| 650 |
0 |
7 |
|a Literary competitions
|2 SNKPHeng
|9 302809
|
| 651 |
|
7 |
|a Slovensko
|2 SNKPH
|9 14231
|
| 651 |
|
7 |
|a Slovakia
|2 SNKPHeng
|9 92630
|
| 655 |
|
7 |
|a brožúry
|2 SNKPH
|9 70146
|
| 655 |
|
7 |
|a Brochures
|2 SNKPHeng
|9 283327
|
| 700 |
1 |
|
|a Biznárová, Miroslava
|4 com
|9 373411
|
| 700 |
1 |
|
|a Čechvalová, Lenka
|4 com
|9 434276
|
| 700 |
1 |
|
|a Hrdináková, Ľudmila,
|d 1966-
|4 com
|9 219519
|
| 700 |
1 |
|
|a Jánošíková, Martina
|4 com
|9 240383
|
| 700 |
1 |
|
|a Kepštová, Ľubica,
|d 1960-
|4 com
|9 17779
|
| 700 |
1 |
|
|a Račková, Zuzana
|4 com
|9 275270
|
| 700 |
1 |
|
|a Sadíleková, Eliška
|4 com
|9 373412
|
| 700 |
1 |
|
|a Menke, Marek,
|d 1986-
|4 ill
|9 220119
|
| 919 |
|
|
|a 978-80-972078-6-1
|
| 954 |
|
|
|a iná literatúra (príručky, kuchárske knihy, hobby literatúra, sprievodcovia) pôvodná (slovenská)
|2 lita
|
| 999 |
|
|
|c 699152
|d 701082
|
| 952 |
|
|
|a SNK
|b SNK
|y PREZ
|7 0
|p 17A1481280
|o snkOSC 29565
|i snk2022/5492
|8 0
|0 0
|1 0
|4 0
|d 2022-04-12
|l 0
|r 2026-02-23 20:52:36
|w 2026-02-23
|
| 952 |
|
|
|a SNK
|b SNK
|y VYP
|7 0
|p 17A1481281
|o snkOSC 29565 D1
|i snk2022/5493
|8 0
|0 0
|1 0
|4 0
|d 2022-04-12
|l 0
|r 2026-02-23 20:52:36
|w 2026-02-23
|